1324 1691 1315 1398 1281 1078 1285 1276 1537 1539 1941 1364 1421 1880 1258 1452 1915 1124 1846 1020 1341 1604 1285 1943 1381 1339 1028 1173 1126 1232 1245 1969 1829 1389 1615 1802 1510 1581 1286 1618 1006 1991 1660 1485 1217 1172 1401 1623 1233 1904 1423 1804 1112 1729 1909 1067 1304 1950 1221 1751 1151 1902 1063 1783 1537 1144 1393 1893 1332 1905 1969 1155 1028 1236 1539 1688 1911 1243 1113 1270 1713 1609 1361 1611 1123 1934 1487 1364 1193 1765 1588 1423 1041 1472 1693 1804 1156 1512 1915 BCNSPRNW ULIB Ver.6.0+V

เปลี่ยนเป็นภาษาไทย

Change to English
 แสดงรายละเอียดบรรณานุกรม
  กลับหน้าหลัก

Brief Record : Get Marc (ISO 2709) : E-mail record : QR code < ปิดหน้าต่าง
LEADER : 00000nam 2200000uu 4500
001    13399110976
003     ULIB
008    110614s||||||||th 000 0 tha d
020    9789740653745
050  4 AC158^bย382ว 2551
100 1  ชินโฮู, กวอน
245 10 วิทยาศาสตร์ฉลาดรู้ เรื่อง ระบบต่างๆของร่างกาย /^cกวอนชันโฮ, เขียน ; วิภาพร พูลสวัสดิ์, แปล
250    พิมพ์ครั้งที่ 2
260    กรุงเทพฯ :^bอัมรินทร์คอมมิกส์,^c2551
300    197 หน้า :^bภาพประกอบ ;^c21 ซม.
440  0 ชุดวิทยาศาสตร์ฉลาดรู้ ;^vลำดับที่ 11
650  7 การ์ตูน
650  7 อวัยวะ^xวรรณกรรมสำหรับเด็ก
650  7 วรรณกรรมเกาหลี
650  7 วรรณกรรมสำหรับเด็ก
700 0  วิภาพร พูลสวัสดิ์,^eผู้แปล
945    ^p199^l0^i024351
995    ทศพร
999 ^a ใช้งานได้ทุกระบบ
รายการนี้ยังไม่มีแท็ก
คุณยังไม่ได้ล็อกอิน คุณสามารถมีกิจกรรมร่วมกับเว็บไซต์ได้ แต่ต้องล็อกอินก่อน ::
  ล็อกอิน

รายการสื่อสารสนเทศ

ลำดับที่ ประเภท เลขเรียก/บาร์โค้ด สถานที่ สถานะ
- ไม่พบข้อมูล -

รายการใกล้เคียง
    หัวเรื่อง [การ์ตูน]
    หัวเรื่อง [วรรณกรรมเกาหลี]
    หัวเรื่อง [วรรณกรรมสำหรับเด็ก]

BibComment


ยังไม่เคยถูกคอมเมนท์

คอมเมนท์ทรัพยากรรายการนี้
  คอมเมนท์: วิทยาศาสตร์ฉลาดรู..


 Copyright 2026. Bcnsprnw @Library